000 00298nam a22001337a 4500
008 171005b xxu||||| |||| 00| 0 eng d
020 _a9780826413369
041 _aeng
080 _a519.9
100 _a49
101 _aPSI
245 _aBEYOND THE CHAINS OF ILLUSION
_cFROMM.E
942 _2udc
_cBK
999 _c31972
_d31972